000 01354nam a2200337Ia 4500
001 ebr10288271
003 CaPaEBR
006 m u
007 cr cn|||||||||
008 080918s2009 enka sb 001 0 eng d
010 _z 2008041407
020 _z9780199545124
020 _z019954512X
040 _aCaPaEBR
_cCaPaEBR
035 _a(OCoLC)654775946
050 1 4 _aHB615
_b.T444 2009eb
100 1 _aTeece, David J.
245 1 0 _aDynamic capabilities and strategic management
_h[electronic resource] :
_borganizing for innovation and growth /
_cDavid J. Teece.
246 3 _aDynamic capabilities & strategic management
260 _aOxford ;
_aNew York :
_bOxford University Press,
_c2009.
300 _axi, 286 p. :
_bill.
504 _aIncludes bibliographical references (p. [261]-278) and index.
533 _aElectronic reproduction.
_bPalo Alto, Calif. :
_cebrary,
_d2009.
_nAvailable via World Wide Web.
_nAccess may be limited to ebrary affiliated libraries.
650 0 _aEntrepreneurship.
650 0 _aStrategic planning.
650 0 _aTechnological innovations
_xManagement.
650 0 _aCompetition, International.
655 7 _aElectronic books.
_2local
710 2 _aebrary, Inc.
856 4 0 _uhttp://site.ebrary.com/lib/rucke/Doc?id=10288271
_zAn electronic book accessible through the World Wide Web; click to view
999 _c957
_d957